<?xml version="1.0" encoding="UTF-8"?>
<record
    xmlns:xsi="http://www.w3.org/2001/XMLSchema-instance"
    xsi:schemaLocation="http://www.loc.gov/MARC21/slim http://www.loc.gov/standards/marcxml/schema/MARC21slim.xsd"
    xmlns="http://www.loc.gov/MARC21/slim">

  <leader>00775nam a2200217 i 4500</leader>
  <datafield tag="999" ind1=" " ind2=" ">
    <subfield code="c">8024</subfield>
    <subfield code="d">8024</subfield>
  </datafield>
  <controlfield tag="001">991061339263806706</controlfield>
  <controlfield tag="003">OSt</controlfield>
  <controlfield tag="005">20250526132423.0</controlfield>
  <controlfield tag="008">250522e202504  spc||||  |||| 000 0|spa  </controlfield>
  <datafield tag="020" ind1=" " ind2=" ">
    <subfield code="a">9788433929303</subfield>
  </datafield>
  <datafield tag="040" ind1=" " ind2=" ">
    <subfield code="c">CDMR</subfield>
    <subfield code="b">cat</subfield>
  </datafield>
  <datafield tag="100" ind1="1" ind2=" ">
    <subfield code="a">Malvido, Pau,</subfield>
    <subfield code="e">autor</subfield>
  </datafield>
  <datafield tag="245" ind1="1" ind2="0">
    <subfield code="a">Nosotros los malditos /</subfield>
    <subfield code="c">Pau Malvido ; textos de A&#xEF;da Camprub&#xED; Hinojosa, Jorge Herralde, Pere Maragall Mira y Gen&#xED;s Cano Soler</subfield>
  </datafield>
  <datafield tag="250" ind1=" " ind2=" ">
    <subfield code="a">Primera edici&#xF3;n en Cr&#xF3;nicas</subfield>
  </datafield>
  <datafield tag="264" ind1=" " ind2="1">
    <subfield code="a">Barcelona :</subfield>
    <subfield code="b">Editorial Anagrama,</subfield>
    <subfield code="c">abril 2025</subfield>
  </datafield>
  <datafield tag="300" ind1=" " ind2=" ">
    <subfield code="a">150 p&#xE0;gines, 8 p&#xE0;gines de l&#xE0;mines no numerades :</subfield>
    <subfield code="b">il&#xB7;lustracions ;</subfield>
    <subfield code="c">22 cm</subfield>
  </datafield>
  <datafield tag="490" ind1="1" ind2=" ">
    <subfield code="a">Cr&#xF3;nicas ;</subfield>
    <subfield code="v">139</subfield>
  </datafield>
  <datafield tag="650" ind1=" " ind2="7">
    <subfield code="a">Contracultura</subfield>
    <subfield code="z">Catalunya</subfield>
    <subfield code="z">Barcelona.</subfield>
  </datafield>
  <datafield tag="830" ind1=" " ind2="0">
    <subfield code="a">Cr&#xF3;nicas Anagrama ;</subfield>
    <subfield code="v">139</subfield>
  </datafield>
  <datafield tag="942" ind1=" " ind2=" ">
    <subfield code="2">udc</subfield>
    <subfield code="c">MON</subfield>
  </datafield>
  <datafield tag="952" ind1=" " ind2=" ">
    <subfield code="0">0</subfield>
    <subfield code="1">0</subfield>
    <subfield code="4">0</subfield>
    <subfield code="7">0</subfield>
    <subfield code="a">CDMR</subfield>
    <subfield code="b">CDMR</subfield>
    <subfield code="d">2025-05-26</subfield>
    <subfield code="e">Donaci&#xF3;</subfield>
    <subfield code="g">17.95</subfield>
    <subfield code="l">0</subfield>
    <subfield code="o">Dj/172</subfield>
    <subfield code="p">CDMR25050009</subfield>
    <subfield code="r">2025-05-26</subfield>
    <subfield code="w">2025-05-26</subfield>
    <subfield code="y">MON</subfield>
  </datafield>
</record>
